Govt. of
Madhya Pradesh

शिव रचना त्रय 2 नागाओं का रहस्‍य (Record no. 56631)

MARC details
000 -LEADER
fixed length control field 00559nam a22001457a 4500
003 - CONTROL NUMBER IDENTIFIER
control field MACL
005 - DATE AND TIME OF LATEST TRANSACTION
control field 20170623121229.0
008 - FIXED-LENGTH DATA ELEMENTS--GENERAL INFORMATION
fixed length control field 170623b xxu||||| |||| 00| 0 eng d
040 ## - CATALOGING SOURCE
Transcribing agency MACL
100 ## - MAIN ENTRY--PERSONAL NAME
Personal name त्रिपाठी, अमीश
9 (RLIN) 67747
245 ## - TITLE STATEMENT
Title शिव रचना त्रय 2 नागाओं का रहस्‍य
260 ## - PUBLICATION, DISTRIBUTION, ETC. (IMPRINT)
Place of publication, distribution, etc. नई दिल्‍ली
Name of publisher, distributor, etc. वैस्‍टलैंड लिमिटेड यात्रा बुक्‍स
Date of publication, distribution, etc. 2011
650 ## - SUBJECT ADDED ENTRY--TOPICAL TERM
Topical term or geographic name as entry element उपन्‍यास
9 (RLIN) 67750
942 ## - ADDED ENTRY ELEMENTS (KOHA)
Source of classification or shelving scheme
Koha item type Hindi Books
Holdings
Withdrawn status Lost status Source of classification or shelving scheme Damaged status Not for loan Home library Current library Date acquired Cost, normal purchase price Total Checkouts Full call number Barcode Date last seen Date last checked out Price effective from Koha item type Total Renewals
          MACL MACL 23/06/2017 195.00 17 891.433/AMI DPI003293 13/11/2019 27/09/2019 23/06/2017 Hindi Books  
          MACL MACL 07/11/2023   2   DPI001474 08/02/2024 24/01/2024 07/11/2023 Hindi Books 1